|
|
|
|
| LEADER |
00931nam a2200241 a 4500 |
| 001 |
GR-MES467 |
| 008 |
991111s1972 gr 000 b eng d |
| 020 |
|
|
|a 0660115964
|
| 040 |
|
|
|a GrPaTEI
|b gre
|c GR-PaULI
|
| 245 |
0 |
2 |
|a A practical handbook of seawater analysis.
|
| 250 |
|
|
|a 2η
|
| 260 |
|
|
|a Ottawa :
|b Fisheries research board of Canada,
|c 1972
|
| 300 |
|
|
|a iv, 310σελ. :
|b πιν.
|
| 650 |
|
4 |
|a ΥΔΡΟΛΟΓΙΑ
|
| 650 |
|
4 |
|a ΧΗΜΙΚΗ ΑΝΑΛΥΣΗ ΘΑΛΑΣΣΙΝΟΥ ΝΕΡΟΥ
|
| 650 |
|
4 |
|a ΩΚΕΑΝΟΓΡΑΦΙΑ
|
| 700 |
1 |
|
|a Parsons, T. R.
|
| 700 |
1 |
|
|a Strickland, J. D.
|
| 710 |
0 |
|
|a Fisheries research board of Canada
|
| 942 |
|
|
|2 ddc
|
| 952 |
|
|
|0 0
|1 0
|2 ddc
|4 0
|6 551_460000000000000_1_STR
|7 0
|9 263701
|a MSLG
|b MSLG
|c BSC
|d 2021-01-17
|e 24
|f 0
|g 0.00
|l 0
|o 551.460 1 STR
|p 2420000004698
|r 2021-01-17 00:00:00
|t 1
|w 2021-01-17
|y BK15
|x 19991111 0 1
|x GrPaTEI
|
| 971 |
|
|
|a .b25715082
|b 15-04-20
|c 13-09-16
|
| 999 |
|
|
|c 151829
|d 151829
|